000 00857nam a2200253 n 4500
003 OSt
005 20240812121316.0
008 240812s2009 my ao f 000 0bmay d
020 _qpaperback
040 _aPPAK
_beng
_cPPAK
_erda
082 0 4 _223
_a923.2595
090 0 0 _a923.2595
_bMHA
_dKZR
100 0 _aM. Hanafiah A. Samad,
_eauthor.
245 1 0 _aFAKTOR WOW Muhyiddin Yassin /
_coleh M. HANAFIAH A. SAMAD
264 1 _aAmpang, Selangor :
_bNALURI TERATAI SDN. BHD.,
_c2009
300 _a122 pages :
_bcolour photographs ;
_c21 x 29 cm
336 _atext
_2rdacontent
337 _aunmediated
_2rdamedia
338 _avolume
_2rdacarrier
600 0 0 _aMuhyiddin Haji Mohd. Yassin,
_cTan Sri Dato',
_d1947-
650 1 0 _aEx-prime ministers
_zMalaysia
_vBiography
651 0 _aMalaysia
_vPolitics and government
942 _2ddc
_cB
999 _c196533
_d196533